The Seventh European Conference on Combinatorics, Graph Theory and Applications EuroComb 2013 /

In the tradition of EuroComb'01 (Barcelona), Eurocomb'03 (Prague), EuroComb'05 (Berlin), Eurocomb'07 (Seville), Eurocomb'09 (Bordeaux), and Eurocomb'11 (Budapest), this volume covers recent advances in combinatorics and graph theory including applications in other areas...

Full description

Bibliographic Details
Corporate Author: SpringerLink (Online service)
Other Authors: Nešetřil, Jaroslav (Editor), Pellegrini, Marco (Editor)
Format: Electronic eBook
Language:English
Published: Pisa : Scuola Normale Superiore : Imprint: Edizioni della Normale, 2013.
Series:CRM Series ; 16
Subjects:
Online Access:Full Text via HEAL-Link
LEADER 02164nam a22004575i 4500
001 978-88-7642-475-5
003 DE-He213
005 20151123151027.0
007 cr nn 008mamaa
008 140118s2013 it | s |||| 0|eng d
020 |a 9788876424755  |9 978-88-7642-475-5 
024 7 |a 10.1007/978-88-7642-475-5  |2 doi 
040 |d GrThAP 
050 4 |a QA164-167.2 
072 7 |a PBV  |2 bicssc 
072 7 |a MAT036000  |2 bisacsh 
082 0 4 |a 511.6  |2 23 
245 1 4 |a The Seventh European Conference on Combinatorics, Graph Theory and Applications  |h [electronic resource] :  |b EuroComb 2013 /  |c edited by Jaroslav Nešetřil, Marco Pellegrini. 
264 1 |a Pisa :  |b Scuola Normale Superiore :  |b Imprint: Edizioni della Normale,  |c 2013. 
300 |a Approx. 600 p.  |b online resource. 
336 |a text  |b txt  |2 rdacontent 
337 |a computer  |b c  |2 rdamedia 
338 |a online resource  |b cr  |2 rdacarrier 
347 |a text file  |b PDF  |2 rda 
490 1 |a CRM Series ;  |v 16 
520 |a In the tradition of EuroComb'01 (Barcelona), Eurocomb'03 (Prague), EuroComb'05 (Berlin), Eurocomb'07 (Seville), Eurocomb'09 (Bordeaux), and Eurocomb'11 (Budapest), this volume covers recent advances in combinatorics and graph theory including applications in other areas of mathematics, computer science and engineering. Topics include, but are not limited to: Algebraic combinatorics, combinatorial geometry, combinatorial number theory, combinatorial optimization, designs and configurations, enumerative combinatorics, extremal combinatorics, ordered sets, random methods, topological combinatorics. 
650 0 |a Mathematics. 
650 0 |a Combinatorics. 
650 0 |a Graph theory. 
650 1 4 |a Mathematics. 
650 2 4 |a Combinatorics. 
650 2 4 |a Graph Theory. 
700 1 |a Nešetřil, Jaroslav.  |e editor. 
700 1 |a Pellegrini, Marco.  |e editor. 
710 2 |a SpringerLink (Online service) 
773 0 |t Springer eBooks 
776 0 8 |i Printed edition:  |z 9788876424748 
830 0 |a CRM Series ;  |v 16 
856 4 0 |u http://dx.doi.org/10.1007/978-88-7642-475-5  |z Full Text via HEAL-Link 
912 |a ZDB-2-SMA 
950 |a Mathematics and Statistics (Springer-11649)